000 01638nam0a2200373 i 4500
001 RU\NLR\BIBL_A\010878865
005 20241103084305.0
010 _a9785995004738
_91500
021 _aRU
_b2015-77275
035 _a(NILC)RuMoRGB-008036247
035 _a(NLR Aleph) 010878865
090 _a10494354
_c10494354
100 _a20151030d2015 u y0rusy50 ca
101 1 _arus
_cfre
102 _aRU
105 _ay|||z|||000yy
200 1 _aКак пережить экономический крах
_eпрактическое пособие для женщин
_fПьеро Сан Джорджио
_g[пер. с фр. О. Е. Ивановой]
210 _aМосква
_cКучково поле
_dcop. 2015
215 _a253, [2] с.
_d21
300 _aЗагл. и авт. ориг.: Femmes au bord de la crise / Piero San Giorgio
320 _aБиблиогр. в подстроч. примеч.
454 0 _12001#$aFemmes au bord de la crise$fPiero San Giorgio
_1700#1$aSan Giorgio$bP.$gPiero$f1971-$3RU\NLR\AUTH\770156828
_tFemmes au bord de la crise
_aSan Giorgio, Piero (1971-)
606 1 _aЖенщины
_xСоциально-психологические исследования
_92111185
_3RU\NLR\AUTH\661275886
606 _aЭкономические кризисы
_9907954
_3RU\NLR\AUTH\6611368
675 _a159.9
686 1 _aС550.535
686 1 _aЮ9в2:У
686 1 _aУ5-971
700 1 _7ca
_8rus
_aСан Джорджио
_bП.
_f1971-
_gПьеро
_9156784
_3RU\NLR\AUTH\770156824
801 0 _aRU
_bРГБ
_c20151006
_gRCR
942 _cBOOK
980 _aNBR